000 00724nam a2200193 a 4500
001 000045489
005 20201002052258.0
008 150410s2015 dr 000 0 spa d
020 _a9789945898200
040 _aDO-SdBNP
_bspa
_cBNPHU
082 _axxxx
_bxxxx
100 1 _aCruz García, José Aníbal
_973541
245 1 0 _aCrisis y decadencia de una sociedad enferma /
_cJosé Aníbal Cruz Garcia ; prólogo José J. Dergan.
260 _aSanto Domingo :
_bJosé J. Ferreiras,
_c2015.
300 _a200 p. ;
_c22 cm.
500 _aIncluye datos biográficos del autor en la solapa de la contracubierta
500 _aLa biblioteca posee 2 ejemplares autografiado por el autor
700 1 2 _aDergan, José J.
_epról.
_973542
999 _c44978
_d44978